Online
Catalog

Apuntes para una teoría de la nacionalidad dominicana / (Record no. 35145)

MARC details
000 -CABECERA
campo de control de longitud fija 02350nam a2200361 i 4500
001 - NÚMERO DE CONTROL
campo de control 000035654
003 - IDENTIFICADOR DEL NÚMERO DE CONTROL
campo de control DO-SdBNP
005 - FECHA Y HORA DE LA ÚLTIMA TRANSACCIÓN
campo de control 20260204100837.0
007 - CAMPO FIJO DE DESCRIPCIÓN FÍSICA--INFORMACIÓN GENERAL
campo de control de longitud fija ta
008 - DATOS DE LONGITUD FIJA--INFORMACIÓN GENERAL
campo de control de longitud fija 111107s2011 dr ac 001 0 spa d
020 ## - NÚMERO INTERNACIONAL ESTÁNDAR DEL LIBRO
Número Internacional Estándar del Libro 9789945469486
040 ## - FUENTE DE LA CATALOGACIÓN
Centro catalogador/agencia de origen DO-SdBNP
Lengua de catalogación spa
Centro/agencia transcriptor BNPHU
Normas de descripción rda
041 ## - CÓDIGO DE LENGUA
Código de lengua del texto/banda sonora o título independiente spa
049 ## - FONDOS LOCALES (OCLC)
Fondos de biblioteca BNPD
082 #4 - NÚMERO DE LA CLASIFICACIÓN DECIMAL DEWEY
Número de clasificación 972.93
Número de documento/Ítem L258a
Número de edición 22
100 1# - ENTRADA PRINCIPAL--NOMBRE DE PERSONA
Nombre de persona Landolfi Rodríguez, Ciriaco,
Término indicativo de función/relación autor
Código de función/relación aut.
9 (RLIN) 61569
245 10 - MENCIÓN DE TÍTULO
Título Apuntes para una teoría de la nacionalidad dominicana /
Mención de responsabilidad, etc. Ciriaco Landolfi Rodríguez ; edición, Héctor Luis Martínez
264 #1 - PRODUCCIÓN, PUBLICACIÓN, DISTRIBUCIÓN, FABRICACIÓN Y COPYRIGHT
Producción, publicación, distribución, fabricación y copyright Santo Domingo :
Nombre del de productor, editor, distribuidor, fabricante Instituto Panamericano del Geografía e Historia,
Fecha de producción, publicación, distribución, fabricación o copyright 2011.
300 ## - DESCRIPCIÓN FÍSICA
Extensión 390 páginas ;
Dimensiones 23 cm.
336 ## - TIPO DE CONTENIDO
Término de tipo de contenido texto
Código de tipo de contenido txt
Fuente rdacontent
337 ## - TIPO DE MEDIO
Nombre/término del tipo de medio sin mediación
Código del tipo de medio n
Fuente rdamedia
338 ## - TIPO DE SOPORTE
Nombre/término del tipo de soporte volumen
Código del tipo de soporte nc
Fuente rdacarrier
500 ## - NOTA GENERAL
Nota general Incluye datos biográficos del autor en la solapa de la cubierta.
505 ## - NOTA DE CONTENIDO CON FORMATO
Nota de contenido con formato Presentación, Bolívar Troncoso Morales, 11 – Introducción, 13 -- Capítulo I. Placenta histórica auspiciosa de la autenticidad nacional, 19 -- Capítulo II. El primer mestizaje de la gran historia, 53 -- Capítulo III. Realidad colonial y fenomenología social isleña, 95 -- Capítulo IV. Dominicanidad larvaria, 109 -- Capítulo V. El descabezamiento de la sociedad colonial, 133 -- Capítulo VI. Origen y evolución de la identidad nacional dominicana -- Capítulo VII. La ocupación haitiana: factor decisivo en la cohesión nacional definitiva, 179 -- Capítulo VIII. La guerra de la restauración de la soberanía nacional de 1863 a 1865, el hallazgo de la auténtica identidad dominicana, 235 -- Capítulo IX. La guerra de la restauración. La confirmación definitiva de la identidad nacional dominicana, 307 -- Capítulo X. La restauración en el atlas caracterológico de la identidad nacional dominicana, 355
590 ## - NOTA LOCAL (RLIN)
Nota local Inventariado, 2026/BT
650 #4 - PUNTO DE ACCESO ADICIONAL DE MATERIA--TÉRMINO DE MATERIA
Término de materia o nombre geográfico como elemento de entrada Identidad nacional
Subdivisión geográfica República Dominicana
9 (RLIN) 34479
651 #4 - PUNTO DE ACCESO ADICIONAL DE MATERIA--NOMBRE GEOGRÁFICO
Nombre geográfico República Dominicana
Subdivisión general Característica nacionales
-- Ensayos, conferencias, etc
9 (RLIN) 34478
651 #4 - PUNTO DE ACCESO ADICIONAL DE MATERIA--NOMBRE GEOGRÁFICO
Nombre geográfico República Dominicana
Subdivisión general Historia
-- Ensayos, conferencias, etc.
9 (RLIN) 7095
700 ## - PUNTO DE ACCESO ADICIONAL--NOMBRE DE PERSONA
Nombre de persona Martínez, Héctor Luis,
Término indicativo de función/relación editor
Código de función/relación ed.
9 (RLIN) 9580
710 2# - PUNTO DE ACCESO ADICIONAL--NOMBRE DE ENTIDAD CORPORATIVA
Nombre de entidad corporativa o nombre de jurisdicción como elemento de entrada Instituto Panamericano del Geografía e Historia.
Unidad subordinada Sección Nacional de Dominicana
9 (RLIN) 61570
910 ## - DATOS DE OPCIÓN DEL USUARIO (OCLC)
Datos de opción del usuario Validado. Control de calidad EMS.
942 ## - ELEMENTOS DE PUNTO DE ACCESO ADICIONAL (KOHA)
Fuente del sistema de clasificación o colocación Dewey Decimal Classification
Tipo de ítem Koha Libro
Holdings
Estado de retiro Estado de pérdida Fuente del sistema de clasificación o colocación Restricciones de uso No para préstamo Código de colección Localización permanente Ubicación/localización actual Ubicación en estantería Fecha de adquisición Fuente de adquisición Total de préstamos Signatura topográfica completa Código de barras Fecha visto por última vez Número de copia Precio válido a partir de Tipo de ítem Koha Nota pública
    Dewey Decimal Classification Préstamo en sala   Dominicana de Servicio Biblioteca Nacional Pedro Henríquez Ureña Biblioteca Nacional Pedro Henríquez Ureña Depósito 07.11.2011 Depósito Legal   BNPHU DS 972.93 L258a 35654-30 25.06.2020 e. 3 25.06.2020 Libro  
    Dewey Decimal Classification Excluido de préstamo   Patrimonio Dominicano Biblioteca Nacional Pedro Henríquez Ureña Biblioteca Nacional Pedro Henríquez Ureña Depósito 07.11.2011 Depósito Legal   BNPHU PD 972.93 L258a 35654-10 25.06.2020   25.06.2020 Libro  
    Dewey Decimal Classification Excluido de préstamo   Patrimonio Dominicano Biblioteca Nacional Pedro Henríquez Ureña Biblioteca Nacional Pedro Henríquez Ureña Depósito 07.11.2011 Depósito Legal   BNPHU PD 972.93 L258a 35654-20 25.06.2020 e. 2 25.06.2020 Libro  
    Dewey Decimal Classification Préstamo en sala   Dominicana de Servicio Biblioteca Nacional Pedro Henríquez Ureña Biblioteca Nacional Pedro Henríquez Ureña Depósito 29.01.2026 Donado por la Presidencia de la República Dominicana 2023.   BNPHU DS 972.93 L258a 2026-0446 29.01.2026 e. 4 29.01.2026 Libro Pertenecio a la biblioteca personal de Emilio Cordero Michel.

Powered by Koha